Soviet Cities Today - Statistics

General Stats
  • This quiz has been taken 51 times
  • The average score is 10 of 20
Answer Stats
Country Today Old Name Answer % Correct
Russia Leningrad St Petersburg
100%
Russia Stalingrad Volgograd
92%
Tajikistan Stalinabad Dushanbe
83%
Kyrgyzstan Frunze Bishkek
77%
Ukraine Dnipropetrovsk Dnipro
77%
Kazakhstan Tselinograd Nur-Sultan
77%
Russia Gorky Nizhny Novgorod
71%
Ukraine Stalino Donetsk
67%
Russia Sverdlovsk Yekaterinburg
65%
Russia Kuybyshev Samara
58%
Ukraine Voroshilovgrad Luhansk
44%
Russia Kalinin Tver
33%
Kazakhstan Aktyubinsk Aktobe
31%
Ukraine Zhdanov Mariupol
27%
Kazakhstan Semipalatinsk Semey
27%
Armenia Leninakan Gyumri
25%
Kazakhstan Guryev Atyrau
21%
Ukraine Kirovograd Kropyvnytskyi
17%
Tajikistan Leninabad Khujand
6%
Russia Stalinsk Novokuznetsk
6%
No matching quizzes found
Score Distribution
Percent of People with Each Score
Percentile by Number Answered
Your Score History
You have not taken this quiz